Puppies, dogs, and blue northers / (Record no. 2548)

MARC details
000 -LEADER
fixed length control field 01270nam a22003737a 4500
005 - DATE AND TIME OF LATEST TRANSACTION
control field 20231214162423.0
020 ## - INTERNATIONAL STANDARD BOOK NUMBER
International Standard Book Number 9781455801640
020 ## - INTERNATIONAL STANDARD BOOK NUMBER
International Standard Book Number 9780545046329
020 ## - INTERNATIONAL STANDARD BOOK NUMBER
International Standard Book Number 145580164X
040 ## - CATALOGING SOURCE
Original cataloging agency BTCTA
Language of cataloging eng
Transcribing agency BTCTA
Modifying agency TEF
-- LF3
-- UPZ
-- OCLCA
-- RECBX
-- DLC
050 00 - LIBRARY OF CONGRESS CALL NUMBER
Classification number SF428.P38
082 ## - DEWEY DECIMAL CLASSIFICATION NUMBER
Classification number 798.8
100 1# - MAIN ENTRY--PERSONAL NAME
Personal name Paulsen, Gary
245 10 - TITLE STATEMENT
Title Puppies, dogs, and blue northers /
Statement of responsibility, etc. Gary Paulsen
250 ## - EDITION STATEMENT
Edition statement First Scholastic printing, September 2007
260 ## - PUBLICATION, DISTRIBUTION, ETC.
Place of publication, distribution, etc. Orlando :
Name of publisher, distributor, etc. Scholastic,
Date of publication, distribution, etc. 1996
300 ## - PHYSICAL DESCRIPTION
Extent 81 pages :
Other physical details illustrations ;
Dimensions 19 cm
505 ## - FORMATTED CONTENTS NOTE
Formatted contents note Z
520 ## - SUMMARY, ETC.
Summary, etc. Minnesota author and dog musher Gary Paulsen reflects on the growth of his sled dogs as he and his animals discover the world around them.
521 ## - TARGET AUDIENCE NOTE
Target audience note 1190
Source Lexile
521 ## - TARGET AUDIENCE NOTE
Target audience note Z
Source Raz-Plus
650 #0 - SUBJECT ADDED ENTRY--TOPICAL TERM
Topical term or geographic name entry element Mushers
Geographic subdivision Minnesota
Form subdivision Biography
-- Juvenile literature.
650 #0 - SUBJECT ADDED ENTRY--TOPICAL TERM
Topical term or geographic name entry element Sled dogs
Geographic subdivision Minnesota
Form subdivision Biography
-- Juvenile literature.
650 #0 - SUBJECT ADDED ENTRY--TOPICAL TERM
Topical term or geographic name entry element Dogsledding
Geographic subdivision Minnesota
Form subdivision Juvenile literature.
650 #1 - SUBJECT ADDED ENTRY--TOPICAL TERM
Topical term or geographic name entry element Sled dogs.
650 #1 - SUBJECT ADDED ENTRY--TOPICAL TERM
Topical term or geographic name entry element Dogsledding.
650 #1 - SUBJECT ADDED ENTRY--TOPICAL TERM
Topical term or geographic name entry element Mushers.
650 #1 - SUBJECT ADDED ENTRY--TOPICAL TERM
Topical term or geographic name entry element Outdoor life
Geographic subdivision Minnesota.
655 #7 - INDEX TERM--GENRE/FORM
Genre/form data or focus term Audiobooks.
Source of term lcgft
655 #7 - INDEX TERM--GENRE/FORM
Genre/form data or focus term Children's audiobooks.
Source of term lcgft
906 ## - LOCAL DATA ELEMENT F, LDF (RLIN)
a 7
b cbc
c copycat
d 2
e ncip
f 20
g y-soundrec
942 ## - ADDED ENTRY ELEMENTS (KOHA)
Source of classification or shelving scheme Dewey Decimal Classification
Koha item type Books
Suppress in OPAC No
999 ## -
-- 2548
-- 2548
Holdings
Withdrawn status Lost status Source of classification or shelving scheme Damaged status Not for loan Collection Home library Current library Shelving location Date acquired Total Checkouts Full call number Barcode Date last seen Price effective from Koha item type
    Dewey Decimal Classification     Fiction Footprints International School Library Network Toul Kork Campus Footprints International School Library Network Toul Kork Campus TTP Secondary Fiction Bookshelves 12/14/2023   PAU 798.8 SF428.P38 FISSE01021 12/14/2023 12/14/2023 Books